000 00454nam a2200181Ia 4500
003 OSt
005 20230609093046.0
008 230312s9999||||xx |||||||||||||| ||und||
020 _a9781305656314
040 _cSuperior University
082 _a004
_bMOR-U
100 _aMorley,Deborah
245 0 _aUnderstanding computers : today & tomorrow
260 _bCengage
_aUSA
_c2018
300 _a582
650 _aMass media
_vMass media
942 _cBK
_2ddc
999 _c17869
_d17869